00376nam a2200157Ia 45000010006000000050017000060080041000230410008000640820016000721000022000882450055001102600009001653000028001746500008002026540008002101410820260306164850.0260306t2012||||xx |||||||||||||| ||spa|| aESP a006.6bM585 aMullen, TonyeAUT 0aRealidad aumentada:bcrea tus propias aplicaciones c2012 a319 páginas :c22 cm. aGEN aCCC